000 00685nam a22002057a 4500
999 _c18701
_d18701
003 AR-CdUCM
008 190515b ||||| |||| 00| 0 spa d
040 _aMUNICIPALIDAD PROVINCIAL DEL CUSCO
_cBIBLIOTECA MUNICIPAL DEL CUSCO
082 _a539.77 /
_bM36
100 _aMedina Tapia, Edilberto
_922951
245 _aElementos de la física atómica /
260 _aCusco :
_bAndina,
_c1992.
300 _a162 páginas ;
_c22 cm.
505 _aContenido : Introducción a la relatividad especial -- Introducción a la física atómica ...
650 _aFísica
_92382
650 _aElementos
_98475
650 _aAtómica
_922952
942 _2ddc
_cLIBROS
945 _arah
_d2019/05/15